000 00391 a2200145 4500
999 _c5458
_d5458
020 _a9788131503867
050 _aR726.5BRA2007
100 _aBrannon,Linda
_eauthor
245 _aIntroduction to healthy Psychology /
_cLinda Brannon
264 _aAustralia:
_bCenage,
_c2007
300 _a616p. :
500 _aincludes index
650 _ahealth...Psychology
942 _2lcc
_cBK
_h726.5
_iBRA
_kR